000 00637nam a22002537a 4500
003 UA-OsUOA
001 32831
007 ta
008 20050214b un ||||| |||| 00| 0 ukr d
100 _aИвашкевич Ярослав
090 _a821.162.1
_bИ24
942 _cBK
040 _aUA-OsUOA
_brus
_cUA-OsUOA
_dUA-OsUOA
245 _aХвала и слава
300 _a560 с.
_bІлюстрації
955 _a0
041 _arus
080 _a821.162.1
260 _aМосква
_bХудожественная литература
_c1974
246 3 1 _aТ.2
_n
044 _aRU
650 7 _2UDC
999 _c319284
_d319284